LEADER 01745nam a2200385 a 4500 001 000000151918 003 CaOOAMICUS 005 20160520102918.0 008 160520m20169999it u000 u ita r 020 $z978881420572-9* 032 $aLibriCat 040 $aPUL$bita 082 04$a348.45 245 02$aI delitti contro il patrimonio e le contravvenzioni /$ca cura di Ercole Aprile ... [et al.] ; coordinamento di Marco Giambardella. 260 $aMilano :$bGiuffrè,$c2016- 300 $av. ;$c24 cm. 490 1 $aCodice penale : rassegna di giurisprudenza e di dottrina ;$v08 500 $aSul front.: Aggiornamento 2015. 500 $aIn testa al front.: Giorgio Lattanzi, Ernesto Lupo. 504 $aBibliografia in nota. 505 1 $aV. 1. Artt. 624-649. -- v. 2. Artt. 650-734-bis. 650 4$aDiritto penale$zItalia.$0(OLS)http://pul/subject/10217 700 1 $aAprile, Ercole.$0(OLS)http://pul/name/75378 700 1 $aLattanzi, Giorgio.$0(OLS)http://pul/name/51063 700 1 $aLupo, Ernesto.$0(OLS)http://pul/name/85343 700 1 $aGiambardella, Marco.$0(OLS)http://pul/name/93575 830 0$aCodice penale : rassegna di giurisprudenza e di dottrina ;$v08.$0(OLS)http://pul/title/184844 850 $aPUL 852 $aPUL$W1$xSL Diritto e Scienze Sociali 3$y79$m348. 45 COD 5.7.8$j174589$qDDC 21$B177145$CPULBib$Z2$F177145 $H127711 $81 941 1 $a9 996 $6020$z978881420572-9*$9(OLS)http://pul/number/160391 996 $6082$a348.45$9(OLS)http://pul/classification/373 996 $6245$aI delitti contro il patrimonio e le contravvenzioni$9(OLS)http://pul/title/191226 996 $6260$aMilano :$bGiuffrè$9(OLS)http://pul/publisher/48401 LEADER 01373nam a2200313 u 4500 001 000000121223 003 CaOOAMICUS 005 20211118100441.0 008 100415t2010 it u000 u ita r 020 $a978-88-15-13452-3 032 $aLibriCat 040 $aPUL$bita$dReb 082 04$a342.0852 100 1 $aOnida, Francesco.$0(OLS)http://pul/name/26945 245 13$aIl giro del mondo in duecentocinquanta pagine :$bitinerari di diritto ecclesiastico comparato /$cFrancesco Onida. 260 $aBologna :$bIl Mulino,$c©2010. 300 $a253 p. ;$c21 cm 490 1 $aReligione e società ;$v33 504 $aBibliografia in nota. 650 4$aDiritto ecclesiastico comparato.$0(OLS)http://pul/subject/16862 830 0$aReligione e società (Il Mulino) ;$v33.$0(OLS)http://pul/title/1321 850 $aPUL 852 $aPUL$W1$xSL Diritto e Scienze Sociali 3$y79$m342. 0852 ONIFR 1$j138999$qDDC 21$B138238$CPULBib$Z2$F138238 $H113311 $82 941 1 $a9 996 $6020$a978-88-15-13452-3$9(OLS)http://pul/number/143862 996 $6082$a342.0852$9(OLS)http://pul/classification/424 996 $6245$aIl giro del mondo in duecentocinquanta pagine :$bitinerari di diritto ecclesiastico comparato$9(OLS)http://pul/title/152456 996 $6260$aBologna :$bIl Mulino$9(OLS)http://pul/publisher/47928